000 01313nam a2200373 a 4500
003 BLK
005 20250414145521.0
008 180408b bul|||||r ||||||| ||bul||
020 _a9786197419498
040 _aBLK
041 _aBUL
_cBUL
080 _aОблекло. Носия. Мода. Накит. Вж и 613.4 ; 646 ; 687
_b391
_x(46)(092)
_z391(46)(092)
080 _aБиографии
_b929
_z929 Баленсиага, Кристобал
_9227273
084 _aБ 21
100 _aДирикс, Еманюел
_9492377
245 1 0 _aБаленсиага
_cЕманюел Дирикс; прев. Весела Ангелова
257 _aBGR
260 _aСофия
_bHybrid Books
_c2024
_9221582
300 _a156 с.
_bсъс сн.
_c18 см
380 _a3
600 0 _aБаленсиага, Кристобал
_9492378
650 7 _aДизайнери
_9153412
650 0 _aМода - биографии
_9270609
653 _aдизайнери
653 _aмода
653 _aбиографии
700 _aАнгелова, Весела Ангелова
_9377747
856 4 _qpdf
856 4 _qpdf
942 _cKNG
_n0
_015
944 _cНора Радева
_k30542
_a30545
_lРусанова Ирена
999 _c509768
_d509768
999 _d501245